| 000 | 00750nam a2200193 a 4500 | ||
|---|---|---|---|
| 003 | 0 | ||
| 005 | 20250520135028.0 | ||
| 008 | 030519s19uu xx 00 eng d | ||
| 050 |
_aPHS LB 2343.4 _b.S25 2003 |
||
| 100 | _aSalas, Joseph Emmanuel A. | ||
| 245 |
_aAdjustments to college life of selected freshmen U.P. students residing in five (5) main campus dormitories / _cJoseph Emmanuel A. Salas |
||
| 260 |
_aLas PiƱas City, Philippines : _bSouthville International School and Colleges, _c2003. |
||
| 300 |
_a46 pages : _billustrations ; _c28 cm. |
||
| 504 | _aIncludes bibliographical references. | ||
| 650 | _aAdjustment (Psychology). | ||
| 650 |
_aDormitories _zPhilippines. |
||
| 650 |
_aStudent housing _xSocial aspects. |
||
| 942 |
_2lcc _cPASS |
||
| 999 |
_c96809 _d96809 |
||